| 000 | 00865cam a2200265 4500 | ||
|---|---|---|---|
| 008 | 090401t1969 xxu||||| |||| 00| 0 eng d | ||
| 020 | _a0116701978 | ||
| 035 | _a(Sirsi) u21812 | ||
| 041 | _aeng | ||
| 050 | _a690.0285 | ||
| 100 | _aBishop, D. | ||
| 245 | 2 | _aA study of coding and data co-ordination for the construction industry. | |
| 260 |
_aLondon _bHMSO _c1969 |
||
| 300 | _a147p. ; 30cm. | ||
| 350 | _a1 | ||
| 520 | _aReport prepared for the Sub-Committee on Coding and Data Co-ordination of the Committee on the Application of Computers in the Construction Industry. Accompanied by an 18p. typewritten index. | ||
| 650 | _aBUILDING INDUSTRY | ||
| 650 | _aCOMPUTERS | ||
| 650 | _aINFORMATION SYSTEMS | ||
| 690 | _aBUILT ENVIRONMENT | ||
| 700 | _aAlsop, K. | ||
| 710 |
_aBuilding Research Station _9203 |
||
| 942 | _n0 | ||
| 948 | _c04/03/1997 | ||
| 999 |
_c88067 _d88067 |
||